000 00558nam a22001457a 4500
008 090316t xxu||||| |||| 00| 0 eng d
050 _aBX4827.N5
_bL42 1991
245 _aThe legacy of H. Richard Neibuhr
_cRonal F. Thiemann
260 _aMinneapolis
_bFortress press
_c1994
300 _aix,148 p.;
_c22cm.
650 _2Niebhur, H. Richard (Helmult Ricard), 1994-1962
_aCongresses
700 _aThiemann, Ronal F.
942 _2lcc
_cBK
999 _c33915
_d33915